000 00506nam a22001817a 4500
999 _c259881
_d259880
003 OSt
005 20230324111337.0
008 230324b xxu||||| |||| 00| 0 eng d
020 _a9781418503291
040 _aDLC
_cDLC
_dDLC
050 _aBV4012.2
_b.C56 2006
100 _aCollins, Gary R.
245 _aChristian counseling :
_ba comprehensive guide /
_cGary R. Collins.
250 _a3rd Edn.
260 _a Edinburg, Scotland,
_bThomas Nelson Pub.
_cc2006
300 _axv;976p
942 _2lcc
_cBK